书目信息 |
| 题名: |
计算机网络实用技术
|
|
| 作者: | 赵玉章 , 王东 主编 | |
| 分册: | ||
| 出版信息: | 北京 电子工业出版社 2004.08 |
|
| 页数: | 330页 | |
| 开本: | 26cm | |
| 丛书名: | ||
| 单 册: | ||
| 中图分类: | TP393-43 | |
| 科图分类: | ||
| 主题词: | 计算机网络--ji suan ji wang luo--高等学校--教材 | |
| 电子资源: | ||
| ISBN: | 7-121-00107-1 | |
| 000 | 00882nam0 2200241 450 | |
| 001 | 012006675109 | |
| 005 | 20251111160640.85 | |
| 010 | @a7-121-00107-1@dCNY29.50 | |
| 100 | @a20060703d2004 km y0chiy0120 ea | |
| 101 | 0 | @achi |
| 102 | @aCN@b110000 | |
| 105 | @aa z 000yy | |
| 200 | 1 | @a计算机网络实用技术@Aji suan ji wang luo shi yong ji shu@f赵玉章, 王东主编@Fzhao yu zhang,wang dong zhu bian |
| 210 | @a北京@c电子工业出版社@d2004.08 | |
| 215 | @a330页@c图@d26cm | |
| 300 | @a21世纪高等学校公共课计算机教材 | |
| 330 | @a本书共分13章,分别阐述了计算机网络基础、计算机通信常识、计算机网络设备维护与维修、Internet基本操作技术、HTML语言等诸多内容。 | |
| 606 | 0 | @a计算机网络@Aji suan ji wang luo@x高等学校@j教材 |
| 690 | @aTP393-43@v4 | |
| 701 | 0 | @a赵玉章@Azhao yu zhang@4主编 |
| 701 | 0 | @a王东@Awang dong@4主编 |
| 801 | 0 | @aCN@c20061030 |
| 905 | @a10447@dTP393-43@eZ349 | |
| 计算机网络实用技术/赵玉章, 王东主编.-北京:电子工业出版社,2004.08 |
| 330页:图;26cm |
| 21世纪高等学校公共课计算机教材 |
| ISBN 7-121-00107-1:CNY29.50 |
| 本书共分13章,分别阐述了计算机网络基础、计算机通信常识、计算机网络设备维护与维修、Internet基本操作技术、HTML语言等诸多内容。 |
| ● |
| 相关链接 |
|
|
|
正题名:计算机网络实用技术
索取号:TP393-43/Z349
 
预约/预借
| 序号 | 登录号 | 条形码 | 馆藏地/架位号 | 状态 | 备注 |
| 1 | 593391 | 205933917 | 自科库301/301自科库 119排1列2层/ [索取号:TP393-43/Z349] | 在馆 | |
| 2 | 593392 | 205933926 | 自科库301/301自科库 119排1列2层/ [索取号:TP393-43/Z349] | 在馆 | |
| 3 | 593393 | 205933935 | 自科二线504/504自科库 6排4列5层/ [索取号:TP393-43/Z349] | 在馆 | |
| 4 | 634776 | 206347764 | 自科库301/301自科库 119排2列3层/ [索取号:TP393-43/Z349] | 在馆 |